| 000 | 00336nam a22001337a 4500 | ||
|---|---|---|---|
| 008 | 171106b xxu||||| |||| 00| 0 eng d | ||
| 020 | _a9781618531414 | ||
| 041 | _aeng | ||
| 080 | _a330.722.6 | ||
| 100 | _a61 | ||
| 101 | _aKON | ||
| 245 |
_aACCOUNTING FOR BUSINESS COMBINATIONS AND MULTINATIONAL ETNITIES _cEVANS.M |
||
| 942 |
_2udc _cBK |
||
| 999 |
_c37741 _d37741 |
||